[Event "TUN-chB"]
[Site "Hammamet"]
[Date "2016.10.20"]
[Round "9"]
[White "Charfeddine, Akrem"]
[Black "Zaydia, Marwen"]
[Result "1-0"]
[WhiteElo "1957"]
[BlackElo "1808"]
[PlyCount "33"]
[EventDate "2016.10.15"]
[EventType "swiss"]
[EventRounds "9"]
[EventCountry "TUN"]
[SourceTitle "EXT 2018"]
[Source "ChessBase"]
[SourceDate "2017.10.13"]
[SourceVersion "1"]
[SourceVersionDate "2017.10.13"]
[SourceQuality "1"]

1. e4 e5 2. Nf3 d6 3. d4 Nd7 4. Nc3 c6 5. a4 Ngf6 6. Bc4 Be7 7. 0-0 0-0 8. Bb3 Qc7 9. h3 exd4 10. Nxd4 Nc5 11. Re1 Nxb3 12. Nxb3 Be6 13. Nd4 c5 14. Nf3 d5 15. exd5 Rad8 16. Qe2 Bxd5 17. Qxe7 1-0

[Event "TUN-ch"]
[Site "Hammamet"]
[Date "2013.03.21"]
[Round "8"]
[White "Charfeddine, Akrem"]
[Black "Mimouna, Kouraych"]
[Result "1-0"]
[WhiteElo "1944"]
[BlackElo "1725"]
[PlyCount "43"]
[EventDate "2013.03.16"]
[EventType "swiss"]
[EventRounds "9"]
[EventCountry "TUN"]
[SourceTitle "CBM 153 Extra"]
[Source "ChessBase"]
[SourceDate "2013.04.22"]
[SourceVersion "1"]
[SourceVersionDate "2013.04.22"]
[SourceQuality "1"]

1. e4 c5 2. Nf3 d6 3. d4 cxd4 4. Nxd4 Nf6 5. Nc3 a6 6. f3 Nc6 7. Be3 e6 8. Qd2 Be7 9. 0-0-0 0-0 10. g4 Nxd4 11. Bxd4 e5 12. Be3 Be6 13. h4 b5 14. h5 b4 15. Nd5 Bxd5 16. exd5 a5 17. g5 Nd7 18. Bh3 g6 19. hxg6 hxg6 20. Bxd7 Kg7 21. Rh7+ Kg8 22. Rdh1 1-0

[Event "TUN-ch"]
[Site "Hammamet"]
[Date "2013.03.20"]
[Round "7"]
[White "Karoui, Seif Eddine"]
[Black "Charfeddine, Akrem"]
[Result "1-0"]
[WhiteElo "2078"]
[BlackElo "1944"]
[PlyCount "64"]
[EventDate "2013.03.16"]
[EventType "swiss"]
[EventRounds "9"]
[EventCountry "TUN"]
[SourceTitle "CBM 153 Extra"]
[Source "ChessBase"]
[SourceDate "2013.04.22"]
[SourceVersion "1"]
[SourceVersionDate "2013.04.22"]
[SourceQuality "1"]

1. d4 d5 2. Nf3 Nf6 3. c4 c6 4. Nc3 e6 5. e3 Bd6 6. Bd3 Nbd7 7. e4 dxe4 8. Nxe4 Nxe4 9. Bxe4 Nf6 10. Bc2 h6 11. 0-0 0-0 12. Qd3 Re8 13. Be3 Qc7 14. c5 Bf8 15. g3 g6 16. Bf4 Qd8 17. Ne5 Qe7 18. Rfe1 Bg7 19. Nc4 Rd8 20. Bd6 Qe8 21. a3 b6 22. cxb6 axb6 23. Bc7 b5 24. Nb6 Ra7 25. Bxd8 Qxd8 26. Nxc8 Qxc8 27. Bd1 Nd5 28. Bf3 Qd7 29. Rac1 Ra4 30. b4 Qa7 31. Bxd5 cxd5 32. Qxb5 Bxd4 1-0